| 000 | 02826cam a22003377i 4500 | ||
|---|---|---|---|
| 999 |
_c7650 _d7650 |
||
| 003 | OSt | ||
| 005 | 20200317121751.0 | ||
| 008 | 190122t20152015cauab b 000 0 eng d | ||
| 020 |
_a9781941806869 _q(hardback) |
||
| 040 |
_aYDXCP _beng _cYDXCP _erda _erda _dBDX _dOCLCQ _dBTCTA _dCDX _dOCLCO _dLDL _dOCLCO _dZCU _dORU _dOCLCF _dUBY _dOCL _dUKMGB _dDLC |
||
| 082 | 0 | 4 |
_a720.954 _223 _bKIR |
| 100 | 1 |
_aKieran, Stephen, _d1951- _eauthor. |
|
| 245 | 1 | 0 |
_aAlluvium : _bDhaka, Bangladesh in the crossroads of water / _cStephen Kieran, James Timberlake. |
| 246 | 3 | 0 | _aDhaka, Bangladesh in the crossroads of water |
| 300 |
_a351 pages : _bcolor illustrations, color maps ; _c24 x 32 cm |
||
| 500 | _a"Extracts from seven years of the Dhaka Design-Research Lab at the University of Pennsylvania School of Design." | ||
| 504 | _aIncludes bibliographical references (pages 346-349). | ||
| 505 | 0 | _aPreface : toward an architecture of empathy -- Beginning : a renewed research agenda -- Telling : textual sketches of Dhaka / by eleven Western architects and planners -- Looking : images of daily life in the densest megacity on Earth -- Analyzing : delta/water/land/people/health : urban systems maps, fact indices, and infographics -- Acting : meaningful intervention -- Afterword : Dhaka 2040 : a vision for the future. | |
| 520 | _aSince 2007, architects Stephen Kieran and James Timberlake have directed a design-research laboratory on Dhaka for graduate students at the University of Pennsylvania School of Design. What began as a desire to help a city in need became an immersion in investigating its ebbs and flows, mapping its urban systems, and charting its development via annual visits. The result of this extended study is Alluvium: Dhaka, Bangladesh, in the Crossroads of Water, a cross-genre book that incorporates diverse media and layers of narrative and analysis to encourage new readings and perspectives. The book includes first-person narratives by architects and planners, documentary photographs, and maps and infographics that visually represent the intricate connections between people, water, land, and health in this delta megacity. The work proposes a new approach to understanding place that is interwoven with human interest--an intimate, collaborative, research-based model that holds relevance for both the developing and developed worlds. | ||
| 650 | 0 |
_aCity planning _zBangladesh _zDhaka. |
|
| 650 | 0 |
_aArchitecture _zBangladesh _zDhaka. |
|
| 650 | 0 |
_aArchitecture and society _zBangladesh _zDhaka. |
|
| 650 | 7 |
_aArchitecture. _2fast |
|
| 650 | 7 |
_aArchitecture and society. _2fast |
|
| 650 | 7 |
_aBuildings. _2fast |
|
| 650 | 7 |
_aCity planning. _2fast |
|
| 651 | 0 |
_aDhaka (Bangladesh) _xBuildings, structures, etc. |
|
| 651 | 7 |
_aBangladesh _zDhaka. _2fast |
|
| 700 | 1 |
_aTimberlake, James, _d1952- _eauthor. |
|
| 942 | _2ddc | ||